[Event "FRA-chT2 1011"]
[Site "France"]
[Date "2010.11.14"]
[Round "3.6"]
[White "Chaumont, Philippe"]
[Black "Bensaid, Alexandre"]
[Result "1-0"]
[WhiteElo "2051"]
[BlackElo "1999"]
[PlyCount "53"]
[EventDate "2010.10.17"]
[EventType "team-tourn"]
[EventRounds "11"]
[EventCountry "FRA"]
[SourceTitle "EXT 2012"]
[Source "ChessBase"]
[SourceDate "2011.11.24"]
[SourceVersion "1"]
[SourceVersionDate "2011.11.24"]
[SourceQuality "1"]

1. d4 Nf6 2. c4 e6 3. Nf3 c5 4. d5 exd5 5. cxd5 d6 6. Nc3 g6 7. e4 Bg7 8. h3 0-0 9. Bd3 Na6 10. 0-0 Nc7 11. Re1 a6 12. a4 b6 13. Bc4 Rb8 14. e5 dxe5 15. Nxe5 Bb7 16. d6 Ne6 17. Nxf7 Rxf7 18. Bxe6 Bc6 19. Bxf7+ Kxf7 20. Re7+ Kf8 21. Qb3 Be8 22. Qe6 Qc8 23. d7 Nxd7 24. Bf4 Nf6 25. Bxb8 Qxb8 26. Ne4 Qd8 27. Nxf6 1-0

[Event "FRA-chT2 0910"]
[Site "France"]
[Date "2010.01.24"]
[Round "7.5"]
[White "Chaumont, Philippe"]
[Black "Giroux, Fabrice"]
[Result "1/2-1/2"]
[WhiteElo "2048"]
[BlackElo "2167"]
[PlyCount "65"]
[EventDate "2009.09.27"]
[EventType "team-tourn"]
[EventRounds "11"]
[EventCountry "FRA"]
[SourceTitle "EXT 2011"]
[Source "ChessBase"]
[SourceDate "2010.11.26"]
[SourceVersion "1"]
[SourceVersionDate "2010.11.26"]
[SourceQuality "1"]

1. d4 Nc6 2. Nf3 d5 3. Bf4 Bg4 4. e3 e6 5. Nbd2 Nf6 6. c3 a6 7. Qa4 b5 8. Qc2 Bd6 9. Bd3 Bxf4 10. exf4 Ne7 11. a4 c6 12. Ne5 Bf5 13. Bxf5 exf5 14. 0-0 0-0 15. Nb3 Ne4 16. axb5 axb5 17. Rxa8 Qxa8 18. Ra1 Qb7 19. f3 Nd6 20. Nc5 Qc7 21. b3 f6 22. Ned3 Re8 23. Ra6 Nec8 24. Qd2 Nb7 25. Nb4 Nxc5 26. dxc5 Na7 27. Kf2 Kf7 28. Ra1 Qe7 29. Nd3 Nc8 30. Ra6 Qb7 31. Nb4 Re6 32. Ra1 Qe7 33. Nd3 1/2-1/2